| 000 | 00443nam a22001817a 4500 | ||
|---|---|---|---|
| 999 |
_c688 _d688 |
||
| 005 | 20210906113202.0 | ||
| 008 | 160512b xxu||||| |||| 00| 0 eng d | ||
| 020 | _a81-7656-752-3 | ||
| 041 | _aeng | ||
| 082 |
_b1785 _a004 |
||
| 100 |
_aSinha P.K. and Sinha, Priti _94029 |
||
| 245 | _aComputer Fundamentals | ||
| 250 | _a4th ed. | ||
| 260 |
_aNew Delhi _bBPB Publishing, _c2003 |
||
| 300 | _a248 | ||
| 650 |
_aManagement _9241 |
||
| 942 | _cBK | ||